Statistics for Largest Countries Containing Two 'A's

Click here to take the quiz!

General Stats

  • This quiz has been taken 276 times
    (274 since last reset)
  • The average score is 12 of 20

Answer Stats

kmCountrymi% Correct
2,780,400Argentina1,073,500
90%
2,381,741Algeria919,595
87%
377,930Japan145,920
77%
1,221,037South Africa471,445
77%
1,246,700Angola481,400
75%
796,095Pakistan307,374
74%
825,615Namibia318,772
67%
513,120Thailand198,120
65%
637,657Somalia246,201
59%
752,612Zambia290,585
57%
181,035Cambodia69,898
55%
147,570Bangladesh56,980
54%
143,100Tajikistan55,300
54%
238,533Ghana92,098
52%
582,000Botswana225,000
51%
270,467New Zealand104,428
51%
241,550Uganda93,260
51%
238,391Romania92,043
50%
214,969Guyana83,000
37%
272,967Burkina Faso105,393
33%

Score Distribution

Percentile by Number Answered

Percent of People with Each Score

Your Score History

You have not taken this quiz since the last reset